International Business (Record no. 1755)

MARC details
005 - DATE AND TIME OF LATEST TRANSACTION
control field 20250429094005.0
020 ## - INTERNATIONAL STANDARD BOOK NUMBER
International Standard Book Number 978-1-4737-2264-4
082 ## - DEWEY DECIMAL CLASSIFICATION NUMBER
Classification number 658.049 PEN
100 ## - MAIN ENTRY--PERSONAL NAME
Author name PENG, M.
245 ## - TITLE STATEMENT
Title International Business
250 ## - EDITION STATEMENT
Edition statement 2nd Ed.
260 ## - PUBLICATION, DISTRIBUTION, ETC.
Place of publication, distribution, etc. Singapore,
Name of publisher, distributor, etc. Annabel Ainscow,
Date of publication, distribution, etc. 2016.
300 ## - PHYSICAL DESCRIPTION
Extent xxii, 606p.: ill.; figure, graph, map, picture, table.
Other physical details Glossary, index.
Dimensions 28cm.
700 ## - ADDED ENTRY--PERSONAL NAME
Other authors/Editors MEYER, K.
856 ## - ELECTRONIC LOCATION AND ACCESS
Link text Access online book
Electronic name Business
Path www.cengagebrain.com
942 ## - ADDED ENTRY ELEMENTS (KOHA)
Source of classification or shelving scheme Dewey Decimal Classification
Koha item type Books
Holdings
Date last seen Total checkouts Full call number Barcode Cost, replacement price Price effective from Koha item type Lost status Source of classification or shelving scheme Damaged status Not for loan Withdrawn status Home library Current library Shelving location Date acquired Cost, normal purchase price
04/29/2025   658.049 PEN 0000006660 294840.00 04/29/2025 Books   Dewey Decimal Classification       College of Business Education Main Library College of Business Education Main Library General Collection 07/08/2016 92280.00
04/29/2025   658.049 PEN 0000006903 294840.00 04/29/2025 Books   Dewey Decimal Classification       College of Business Education Main Library College of Business Education Main Library General Collection 07/08/2016 98280.00
05/06/2025   658.049 PEN 0000007854 294840.00 05/06/2025 Books   Dewey Decimal Classification       College of Business Education Main Library College of Business Education Main Library General Collection 08/07/2016 98280.00